000 00677cam a22002533a 4500
001 32011
003 PGUSA
005 20140828083707.0
008 100416s2010||||xxu|||||s|||||000 1 eng d
040 _aPGUSA
_beng
042 _adc
050 4 _aPS
100 1 _aKnight, Damon,
_d1922-2002
245 1 0 _aSpecial Delivery
_h[electronic resource] /
_cDamon Knight
260 _bProject Gutenberg,
_c2010
506 _aPublic domain in the USA.
516 _aElectronic text
653 _aShort stories
653 _aScience fiction
700 1 _aAshman, William
830 0 _aProject Gutenberg
_v32011
856 4 0 _uhttp://www.gutenberg.org/ebooks/32011
942 _cEB
999 _c261266
_d261266